000 00264nam a22001217a 4500
008 180926b xxu||||| |||| 00| 0 eng d
041 _aeng
080 _a041
100 _a16
101 _aHIS
245 _aThe story of English
_cRobert.
942 _2udc
_cBK
999 _c48523
_d48523